000
00310nam a22001337a 4500
008
181107b xxu||||| |||| 00| 0 eng d
020
_a
0495508217
041
_a
eng
080
_2
5th
_a
159.9
100
_a
49
101
_a
PSI
245
_a
Understanding Generalist Practice
_c
Ashman, K.K.K
942
_2
udc
_c
BK
999
_c
52149
_d
52149